MARC

Tag First Indicator Second Indicator Subfields
LEADER 00000cam a2200000 a 4500
001 in00003441275
005 20211217104526.0
007 tu
008 110215s2010 sp a b 001 0 spa
010 |a  2011412700 
035 |a (OCoLC)ocn739651169 
040 |a DLC  |b eng  |c DLC  |d PBR  |d GWDNB  |d OCLCO  |d OCLCA  |d OCLCF  |d OCLCO  |d OCLCQ  |d OCLCA 
015 |a 12,A50  |2 dnb 
016 7 |2 DE-101  |a 102224342X 
020 |a 9788493632168 
020 |a 8493632163 
035 |a (OCoLC)739651169 
043 |a e-it--- 
050 0 0 |a PR2825  |b .F46 2010 
082 0 4 |a 809.93324531  |b F363c 
084 |a 820  |a 830  |q DE-101  |2 sdnb 
049 |a TXAM 
100 1 |a Fernández Martín, Jaime,  |d 1960- 
245 1 3 |a La ciudad de los extravíos :  |b visiones venecianas de Shakespeare y Thomas Mann /  |c Jaime Fernández. 
260 |a Madrid :  |b Fórcola Ediciones,  |c ©2010. 
300 |a 266 pages :  |b illustrations ;  |c 21 cm. 
336 |a text  |b txt  |2 rdacontent 
337 |a unmediated  |b n  |2 rdamedia 
338 |a volume  |b nc  |2 rdacarrier 
490 0 |a Señales (Fórcola Ediciones) ;  |v 4 
504 |a Includes bibliographical references and index. 
600 1 0 |a Shakespeare, William,  |d 1564-1616.  |t Merchant of Venice. 
600 1 0 |a Mann, Thomas,  |d 1875-1955.  |t Tod in Venedig. 
651 0 |a Venice (Italy)  |x In literature. 
630 0 7 |a Merchant of Venice (Shakespeare, William)  |0 (OCoLC)fst01356167 
630 0 7 |a Tod in Venedig (Mann, Thomas)  |0 (OCoLC)fst01357753 
650 7 |a Literature.  |2 fast  |0 (OCoLC)fst00999953 
651 7 |a Italy  |z Venice.  |2 fast  |0 (OCoLC)fst01204473 
600 1 7 |a Shakespeare, William,  |d 1564-1616.  |t Merchant of Venice  |2 gnd  |0 (DE-588)4099363-2 
600 1 7 |a Mann, Thomas,  |d 1875-1955.  |t Tod in Venedig  |2 gnd  |0 (DE-588)4099302-4 
650 7 |a Venedig  |2 gnd  |0 (DE-588)4117328-4 
653 |a (lcsh)Shakespeare, William, 1564-1616.--Merchant of Venice. 
653 |a (lcsh)Mann, Thomas, 1875-1955.--Tod in Venedig. 
653 |a (lcsh)Venice (Italy)--In literature. 
856 4 2 |3 Contributor biographical information  |u http://catdir.loc.gov/catdir/enhancements/fy1115/2011412700-b.html  |t 0 
856 4 2 |3 Publisher description  |u http://catdir.loc.gov/catdir/enhancements/fy1115/2011412700-d.html  |t 0 
948 |a cataloged  |b h  |c 2014/5/8  |d c  |e ceaton  |f 12:19:43 pm 
994 |a C0  |b TXA 
999 f f |s 466c5f66-ae71-3a16-a52b-96be367bbf8a  |i 3c8f168f-328f-39f7-a443-eb853bcbcd4e  |t 0 
952 f f |p normal  |a Texas A&M University  |b College Station  |c Sterling C. Evans Library  |d Evans: Library Stacks  |t 0  |e PR2825 .F46 2010  |h Library of Congress classification  |i unmediated -- volume  |m A14842385438 
998 f f |a PR2825 .F46 2010  |t 0  |l Evans: Library Stacks